[Event "Montigny le Bretonneux Dames Noire 1st"]
[Site "Montigny le Bretonneux"]
[Date "2013.10.26"]
[Round "8"]
[White "Saada, Julien"]
[Black "Valuet, Bertrand"]
[Result "1-0"]
[WhiteElo "2332"]
[BlackElo "2300"]
[PlyCount "97"]
[EventDate "2013.10.19"]
[EventType "tourn"]
[EventRounds "9"]
[EventCountry "FRA"]
[EventCategory "4"]
[SourceTitle "EXT 2014"]
[Source "ChessBase"]
[SourceDate "2013.11.20"]
[SourceVersion "1"]
[SourceVersionDate "2013.11.20"]
[SourceQuality "1"]

1. d4 Nf6 2. Nf3 g6 3. Nbd2 c5 4. dxc5 Qa5 5. a3 Qxc5 6. b4 Qc7 7. Bb2 Bg7 8. e3 b6 9. Be2 Bb7 10. c4 0-0 11. 0-0 Nc6 12. Qb3 Rac8 13. Rac1 Qb8 14. Rfd1 Rfd8 15. Qa2 d5 16. cxd5 Nxd5 17. Bxg7 Kxg7 18. Bc4 e6 19. Qb2+ f6 20. Ne4 Rf8 21. Bxd5 exd5 22. Rxd5 Ne5 23. Rxc8 Qxc8 24. Rd4 Bxe4 25. Nxe5 Rd8 26. Nc4 Bd5 27. Qd2 Qe6 28. e4 Bxc4 29. Rxd8 Qxe4 30. Rd7+ Bf7 31. h3 a6 32. Qa2 Qe1+ 33. Kh2 Qe8 34. Qd5 g5 35. Qd6 Kg6 36. Qe7 Qg8 37. Rd8 Qg7 38. Qf8 Qxf8 39. Rxf8 Bd5 40. Rb8 b5 41. g4 h5 42. Rb6 h4 43. Rxa6 Bb3 44. Kg2 Kf7 45. Ra5 Bd5+ 46. f3 Bc6 47. Ra6 Bd7 48. Kf2 Ke7 49. Rb6 1-0

[Event "Montigny le Bretonneux Dames Noire 1st"]
[Site "Montigny le Bretonneux"]
[Date "2013.10.24"]
[Round "6"]
[White "Guliyev, Namig"]
[Black "Valuet, Bertrand"]
[Result "0-1"]
[WhiteElo "2559"]
[BlackElo "2300"]
[PlyCount "230"]
[EventDate "2013.10.19"]
[EventType "tourn"]
[EventRounds "9"]
[EventCountry "FRA"]
[EventCategory "4"]
[SourceTitle "EXT 2014"]
[Source "ChessBase"]
[SourceDate "2013.11.20"]
[SourceVersion "1"]
[SourceVersionDate "2013.11.20"]
[SourceQuality "1"]

1. e4 e5 2. Nf3 Nc6 3. Bb5 Nf6 4. 0-0 Nxe4 5. Re1 Nd6 6. Nxe5 Be7 7. Bf1 Nf5 8. Nf3 0-0 9. d4 d5 10. Nc3 Bb4 11. a3 Bxc3 12. bxc3 Nd6 13. Bg5 f6 14. Bf4 Na5 15. Bd3 Bg4 16. h3 Bh5 17. g4 Bf7 18. Nd2 Qd7 19. Nb3 Nxb3 20. cxb3 Rfe8 21. Qc2 g6 22. c4 Qc6 23. c5 Rxe1+ 24. Rxe1 Re8 25. Rxe8+ Nxe8 26. Qe2 Qe6 27. Qxe6 Bxe6 28. Kg2 Bd7 29. f3 a6 30. h4 Ng7 31. Be3 Kf7 32. Kg3 h5 33. Bh6 Ne6 34. gxh5 gxh5 35. Be3 Ng7 36. Bf2 Bf5 37. Bf1 Bc2 38. b4 Ne6 39. Be3 c6 40. Kf2 Nc7 41. Bc1 Ne6 42. Ke3 Ng7 43. Kd2 Bg6 44. Kc3 Ke7 45. Be3 Nf5 46. Bf2 Be8 47. Kb3 Kd8 48. Ka4 Kc7 49. Ka5 Bd7 50. a4 Bc8 51. Be2 Bd7 52. Bd3 Bc8 53. b5 axb5 54. axb5 Bd7 55. bxc6 bxc6 56. Ka6 Bc8+ 57. Ka7 Be6 58. Be2 Bf7 59. Ba6 Be6 60. Bd3 Bc8 61. Bc2 Be6 62. Ba4 Bc8 63. Bc2 Be6 64. Bd3 Bc8 65. f4 Be6 66. Ba6 Bc8 67. Be2 Ng7 68. Be1 Bg4 69. Bf1 Nf5 70. Bf2 Ne7 71. Be1 Nf5 72. Bf2 Ne7 73. Bd3 Nf5 74. Ba6 Bf3 75. Bb7 Be2 76. Be1 Nxd4 77. Ba5+ Kd7 78. Kb8 Nb3 79. Bc8+ Ke7 80. Bb4 d4 81. Kc7 d3 82. Ba6 Bf1 83. Kxc6 d2 84. Bxd2 Bxa6 85. Bc3 Nc1 86. Kd5 Nd3 87. Bd2 Nf2 88. c6 Ng4 89. Bb4+ Kf7 90. Ke4 Bc8 91. Bc5 Nh6 92. Bf2 Ke6 93. c7 Nf5 94. Be1 Nd6+ 95. Ke3 Nb5 96. Ba5 Kd6 97. Ke4 f5+ 98. Ke3 Nxc7 99. Bb4+ Kd5 100. Bc3 Kc4 101. Be5 Nd5+ 102. Kd2 Ba6 103. Ke2 Nc3+ 104. Ke3 Ne4 105. Bh8 Nc5 106. Bd4 Nd3 107. Bf6 Bb7 108. Bg7 Ne1 109. Kf2 Ng2 110. Kg3 Kd3 111. Bf8 Ne3 112. Kf2 Ke4 113. Bd6 Nd5 114. Kg3 Nc3 115. Kf2 Ba6 0-1